[Вып. 3]; Повышение качества отливок и слитков

Bibliografiske detaljer
Parent link:Повышение качества отливок и слитков: межвузовский сборник/ Горьковский политехнический институт имени А. А. Жданова (ГПИ) ; отв. ред. А. А. Рыжиков. [Вып. 3].— , 1979-
Sprog:russisk
Udgivet: 1981
Fag:
Format: Bog
KOHA link:https://koha.lib.tpu.ru/cgi-bin/koha/opac-detail.pl?biblionumber=299047

MARC

LEADER 00000nam2a2200000 4500
001 299047
005 20231102001150.0
035 |a (RuTPU)RU\TPU\book\324199 
090 |a 299047 
100 |a 20150624d1981 k y0rusy50 ca 
101 0 |a rus 
102 |a RU 
105 |a a z 001zy 
200 0 |a [Вып. 3] 
210 |d 1981 
215 |a 108 с.  |c ил. 
320 |a Библиогр. в конце ст. 
461 1 |0 (RuTPU)RU\TPU\book\323292  |t Повышение качества отливок и слитков  |o межвузовский сборник  |f Горьковский политехнический институт имени А. А. Жданова (ГПИ) ; отв. ред. А. А. Рыжиков  |v [Вып. 3]  |d 1979-  
606 1 |a Отливки  |x Качество  |x Обеспечение  |2 stltpush  |3 (RuTPU)RU\TPU\subj\47730  |9 66642 
606 1 |a Стальные слитки  |x Качество  |2 stltpush  |3 (RuTPU)RU\TPU\subj\56713  |9 74604 
610 1 |a жидкие металлы 
610 1 |a получение 
610 1 |a обработка 
610 1 |a технология 
610 1 |a качество 
610 1 |a литейные формы 
610 1 |a нагрев 
610 1 |a смазки 
610 1 |a разливка 
675 |a 621.74.002.6  |v 3 
675 |a 621.746.58  |v 3 
801 1 |a RU  |b 63413507  |c 20150624 
801 2 |a RU  |b 63413507  |c 20190408  |g RCR 
942 |c BK